00402nam a22001457a 450000500170000001000150001702000260003203500130005803700130007108200130008410000240009724500730012126000310019430000310022520140829110826.0 aENG-110593 c450.00a9788131785072 aEN-94125 bDBAD/PUB a488.0076 aRao, M. L. V. Raman aPearson's sentence correction for the GMAT /cby M. L. V. Ramana Rao aNew DelhibPearsonc(201?) avarious pagingsc27cm(pbk)